| 000 | 00597aam a2200193 4500 | ||
|---|---|---|---|
| 005 | 20161121153728.0 | ||
| 008 | 150413b xxu||||| |||| 00| 0 spa d | ||
| 041 | _aspa | ||
| 082 | _a375 Q5d | ||
| 100 |
_aQuesada Solano, Marta Eugenia _923544 |
||
| 245 | _aEl diseño curricular en los planes de estudio: aspectos teóricos y guía metodológica | ||
| 260 |
_aCosta Rica _bEUNA _c2001 |
||
| 300 | _a212 páginas | ||
| 650 |
_aCURRICULO _933217 |
||
| 650 |
_aDESARROLLO CURRICULAR _98024 |
||
| 650 |
_aPLANES EDUCACIONALES _923546 |
||
| 650 |
_aPLANIFICACION DEL CURRICULO _923547 |
||
| 942 | _cBK | ||
| 999 |
_c4543 _d4543 |
||